00522 2200181 4500001002100000008004100021035002000062245005400082100002100136260004400157300003100201020001800232084001700250520002600267082001100293650002400304990001200328INLIS000000000015708 ind  a0010-0323000156 aStep by Step Membuat Toko OnlinecDedik Kurniawan aDEDIK, Kurniawan aJakarta :bElex Media Komputindo,c2019 axi, 247 hal.: ilus.c21 cm a9786230011375 a658.81 DED s aBibliografi : hal.247 a658.81 aMANAJEMEN PENJUALAN a10565 a